Xây dựng hệ thống bài tập từ vựng Khmer cho sinh viên chuyên ngành sư phạm ngữ văn Khmer ở trường Đại học Trà Vinh theo hoạt động giao tiếp Luận văn thạc sĩ Lý luận và phương pháp dạy học bộ môn ngữ văn. Ngành: Lý luận và phương pháp dạy học bộ môn ngữ văn

محفوظ في:
التفاصيل البيبلوغرافية
المؤلف الرئيسي: Tăng, Văn Thòn
مؤلفون مشاركون: Ủy ban Nhân dân tỉnh Trà Vinh, Trường Đại học Trà Vinh
مؤلفون آخرون: Tăng Văn Thòn; Nguyễn Thị Kiều Tiên
اللغة:Undetermined
منشور في: Trà Vinh Trường Đại học Trà Vinh 2018
الموضوعات:
الوسوم: إضافة وسم
لا توجد وسوم, كن أول من يضع وسما على هذه التسجيلة!
Thư viện lưu trữ: Trung tâm Học liệu Trường Đại học Trà Vinh
LEADER 01194nam a2200289Ia 4500
001 TVU_26533
008 210423s9999 xx 000 0 und d
041 |a Vie 
082 |a 807.12 
082 |b Th429 
100 |a Tăng, Văn Thòn 
245 0 |a Xây dựng hệ thống bài tập từ vựng Khmer cho sinh viên chuyên ngành sư phạm ngữ văn Khmer ở trường Đại học Trà Vinh theo hoạt động giao tiếp 
245 0 |b Luận văn thạc sĩ Lý luận và phương pháp dạy học bộ môn ngữ văn. Ngành: Lý luận và phương pháp dạy học bộ môn ngữ văn 
245 0 |c Tăng Văn Thòn ; Nguyễn Thị Kiều Tiên (hướng dẫn khoa học) 
260 |a Trà Vinh 
260 |b Trường Đại học Trà Vinh 
260 |c 2018 
300 |a viii, 83, 30 tr. 
300 |b minh họa 
300 |c 27 cm 
504 |a Thư mục: tr.79-83 
650 |a Văn học 
700 |a Tăng Văn Thòn; Nguyễn Thị Kiều Tiên  
700 |e người hướng dẫn khoa học 
710 |a Ủy ban Nhân dân tỉnh Trà Vinh 
710 |b Trường Đại học Trà Vinh 
980 |a Trung tâm Học liệu Trường Đại học Trà Vinh